000 00593nam a22002177a 4500
003 UA-OsUOA
001 44366
007 ta
008 20070221b un ||||| |||| 00| 0 ukr d
100 _aДзюба Іван
090 _a82
_bД-11
942 _cSA
040 _aUA-OsUOA
_bukr
_cUA-OsUOA
_dUA-OsUOA
245 _aНе окремо взяте життя. Спогади і роздуми. Продовження
300 _aС.23-41
955 _a0
041 _aukr
080 _a82
773 0 _w44365
650 7 _a82 Література. Літературознавство
_2UDC
999 _c330451
_d330451